Sześć Najbliższych Krajów - Japonia - Statystyki

Ogólne statystyki
  • Ten quiz został rozwiązany 160 razy
  • Średni wynik to 4 z 6
Statystyki odpowiedzi
km Państwa % Poprawnych
331 Chiny
85%
50 Korea Południowa
83%
420 Korea Północna
71%
43 Rosja
65%
107 Tajwan
40%
568 Filipiny
21%
Nie znaleziono quizów pasujących do podanych kryteriów
Rozkład punktacji
Procent ludzi z każdym wynikiem
Percentyl według liczby udzielonych odpowiedzi
Twoja historia wyników
Nie rozwiązałeś tego quizu